[Event "AUT-chT9596"]
[Site "?"]
[Date "1996.??.??"]
[Round "?"]
[White "Kostic, V Vladimir"]
[Black "Teske, Henrik"]
[Result "0-1"]
[WhiteElo "2325"]
[BlackElo "2510"]

1.e4 c5 2.Nf3 Nc6 3.d4 cxd4 4.Nxd4 e6 5.Nc3 Qc7 6.Be2 a6 7.O-O Nf6 8.Be3 Bb4
9.Nxc6 bxc6 10.Bd3 d5 11.a3 Bxc3 12.bxc3 dxe4 13.Be2 O-O 14.c4 e5 15.h3 Be6
16.Qd2 Rfd8 17.Qc3 Nd7 18.c5 Nf6 19.Rfb1 Nd5 20.Qe1 Qe7 21.Bf1 f5 22.Bd2 Qxc5
23.Rb7 a5 24.c4 Bc8 25.Rbb1 Nf4 26.Be3 Qe7 27.Bb6 Rd6 28.Rb3 a4 29.Rg3 Ne6
30.c5 Rd4 31.Rc3 Nf4 32.Rc4 Ba6 33.Rxd4 exd4 34.Bxa6 Rxa6 35.Qf1 d3 36.Kh1 Ra8
37.Rb1 Qe5 38.Qd1 Qd4 39.Qd2 Ne2 40.Bc7 h6 41.Qa2+ Kh7 42.Qe6 Qxc5 43.Be5 Qxf2
44.Qxc6 Ra7 45.Qe6 Rb7 46.Rd1 Rb6  0-1

[Event "AUT-chT2S 9596"]
[Site "AUT"]
[Date "1996.??.??"]
[Round "?"]
[White "Klocker, Hartmut"]
[Black "Egartner, Wolfgang"]
[Result "1/2-1/2"]
[WhiteElo "2205"]
[BlackElo "2170"]

1.e4 c5 2.Nf3 e6 3.d4 cxd4 4.Nxd4 Nc6 5.Nc3 a6 6.g3 Nge7 7.Nb3 b5 8.a3 Bb7
9.Bg2 Nc8 10.O-O Be7 11.Qe2 O-O 12.Be3 d6 13.Rad1 Qc7 14.f4 Nb6 15.g4 Nc4
16.Bc1 Rac8 17.Rf3 Qb6+ 18.Kh1 a5 19.Rh3 b4 20.axb4 axb4 21.Qxc4 bxc3 22.Be3 Qa6
23.Qxc3 Ne5 24.Qd2 Nxg4 25.Bg1 Ba8 26.Nd4 Qb7 27.c3 Nf6 28.Re1 Bd8  1/2-1/2

[Event "Wch Seniors"]
[Site "Bad Liebenzell"]
[Date "1996.??.??"]
[Round "8"]
[White "Luboshitz, Alexander"]
[Black "Taimanov, Mark E"]
[Result "1/2-1/2"]
[WhiteElo "2140"]
[BlackElo "2470"]

1.e4 c5 2.Nf3 e6 3.d4 cxd4 4.Nxd4 Nc6 5.Nc3 a6 6.g3 Nge7 7.Bg2 Nxd4 8.Qxd4 Nc6
9.Qe3 b5 10.O-O Bb7 11.b3 Be7 12.Bb2 O-O 13.Rad1 Rc8 14.Rd2 Qc7 15.Ne2 d6
16.Nf4 Nd8 17.Rfd1 Qc5 18.Qxc5 dxc5 19.Nh5 f6 20.Rd7 Rf7 21.Nf4 Bc6 22.Ra7 g5
23.Nh5 Be8 24.Bh3 Bc6 25.Bg2 Be8 26.Bh3 Bc6 27.Bg2 Be8 28.Bh3  1/2-1/2

[Event "AZE-ch"]
[Site "Baku"]
[Date "1996.??.??"]
[Round "?"]
[White "Bagirov, Rufat"]
[Black "Sideif Sade, Fikret I"]
[Result "1/2-1/2"]
[WhiteElo "2305"]
[BlackElo "2425"]

1.e4 c5 2.Nf3 e6 3.Nc3 Nc6 4.d4 cxd4 5.Nxd4 Qc7 6.Be3 a6 7.Bd3 Nf6 8.O-O Ne5
9.Be2 b5 10.f4 Nc4 11.Bxc4 Qxc4 12.e5 Nd5 13.Nxd5 Qxd5 14.Qe2 Bb7 15.Nb3 Rc8
16.c3 Qc4 17.Qf2 Bd5 18.Rad1 Be7 19.Qg3 g6 20.Rd4 Qe2 21.Rd2 Qc4 22.Rd4 Qe2
23.Rd2 Qc4 24.Rd4  1/2-1/2

[Event "Balatonbereny op"]
[Site "Balatonbereny"]
[Date "1996.??.??"]
[Round "1"]
[White "Madl, Ildiko"]
[Black "Sipka, Zoltan"]
[Result "1-0"]
[WhiteElo "2375"]
[BlackElo "2085"]

1.e4 c5 2.Nf3 e6 3.d4 cxd4 4.Nxd4 Nc6 5.Nc3 Bb4 6.Nb5 a6 7.Nd6+ Bxd6 8.Qxd6 Qe7
9.Qd1 Nf6 10.Be2 O-O 11.O-O d5 12.exd5 Nxd5 13.Nxd5 exd5 14.Bf3 Rd8 15.Bf4 Be6
16.Qd2 h6 17.Rfd1 Rac8 18.a3 Qf6 19.b3 Ne5 20.Be2 Ng6 21.Be3 Bf5 22.Bd4 Qh4
23.c3 Nf4 24.Bf1 Ng6 25.b4 Qf4 26.a4 Qd6 27.f3 Ne5 28.Qf4 Ng4 29.Qxd6  1-0

[Event "Balatonbereny op"]
[Site "Balatonbereny"]
[Date "1996.??.??"]
[Round "9"]
[White "Grabics, Monika"]
[Black "Horvath, Peter"]
[Result "1-0"]
[WhiteElo "2225"]
[BlackElo "2420"]

1.e4 c5 2.Nf3 Nc6 3.Nc3 e6 4.d4 cxd4 5.Nxd4 Nf6 6.Nxc6 bxc6 7.e5 Nd5 8.Ne4 Qc7
9.f4 Qb6 10.c4 Bb4+ 11.Ke2 f5 12.Nf2 Ba6 13.Kf3 Ne7 14.Be3 Bc5 15.Bxc5 Qxc5
16.Qd6 Qb6 17.b3 c5 18.Kg3 Bb7 19.Be2 Kf7 20.Rhd1 Rhd8 21.Rd2 g6 22.Rad1 Ke8
23.h4 Qxd6 24.Rxd6 a5 25.h5 Bc6 26.hxg6 hxg6 27.Nh3 a4 28.Ng5 axb3 29.axb3 Rab8
30.Rh1 Kf8 31.Rh8+ Ng8 32.Bd1 Ra8 33.Bc2 Kg7 34.Rh7+ Kf8 35.Rd1 Ke8 36.Rg7 Kf8
37.Rf7+ Ke8 38.Rh1  1-0

[Event "Barbera op"]
[Site "Barbera"]
[Date "1996.??.??"]
[Round "9"]
[White "Dimitrov, Vladimir"]
[Black "Zvjaginsev, Vadim"]
[Result "0-1"]
[WhiteElo "2530"]
[BlackElo "2590"]

1.e4 c5 2.Nf3 e6 3.d4 cxd4 4.Nxd4 Nc6 5.Nc3 d6 6.Be3 Nf6 7.Bc4 a6 8.Qe2 Qc7
9.O-O-O Na5 10.Bd3 b5 11.a3 Rb8 12.Bg5 Be7 13.Qe1 h6 14.Bh4 g5 15.Bg3 e5
16.Nf5 Bxf5 17.exf5 b4 18.axb4 Rxb4 19.h4 g4 20.Qe3 O-O 21.Qxh6 Rxb2 22.Nd5 Nxd5
23.f6 Nb3+  0-1

[Event "Foment Martinenc op"]
[Site "Barcelona"]
[Date "1996.??.??"]
[Round "3"]
[White "Korneev, Oleg"]
[Black "De la Riva Aguado, Jorge"]
[Result "1-0"]
[WhiteElo "2565"]
[BlackElo "2285"]

1.e4 c5 2.Nf3 e6 3.d4 cxd4 4.Nxd4 Nc6 5.Nc3 Qc7 6.Be3 a6 7.Bd3 Nf6 8.O-O Ne5
9.h3 d6 10.f4 Nc4 11.Bxc4 Qxc4 12.Qf3 Nd7 13.f5 e5 14.Nde2 b5 15.b3 Qc6 16.Nd5 Nf6
17.c4 Nxd5 18.exd5 Qc7 19.Ng3 f6 20.Ne4 Bb7 21.Rac1 Rc8 22.Rfd1 Qf7 23.Qe2 Qd7
24.Qg4 Qf7 25.c5 Bxd5 26.cxd6 Rc6 27.Rxc6 Bxc6 28.Nc5  1-0

[Event "Regionalliga SW9596"]
[Site "Bayern"]
[Date "1996.??.??"]
[Round "?"]
[White "Kuehn, Manfred"]
[Black "Kampen, Hans"]
[Result "1/2-1/2"]
[WhiteElo "2220"]
[BlackElo "2005"]

1.e4 c5 2.Nf3 e6 3.Nc3 Nc6 4.d4 cxd4 5.Nxd4 Nf6 6.g3 Bb4 7.Bg2 d5 8.exd5 Nxd5
9.O-O Nxd4 10.Qxd4 Bxc3 11.bxc3 O-O 12.Ba3 Re8 13.c4 Nb6 14.Qxd8 Rxd8 15.Rfd1 Re8
16.c5 Nc4 17.Bb4 Ne5 18.Rd6 Nc6 19.Rxc6 bxc6 20.Bxc6 Ba6 21.Bxe8 Rxe8 22.Rd1 Bb5  1/2-1/2

[Event "Regionalliga SO9596"]
[Site "Bayern"]
[Date "1996.??.??"]
[Round "?"]
[White "Schuler, Matthias"]
[Black "Leirich, Thomas"]
[Result "1/2-1/2"]
[WhiteElo "1810"]
[BlackElo "1920"]

1.e4 c5 2.Nc3 e6 3.Nf3 Nc6 4.d4 cxd4 5.Nxd4 Qb6 6.Ndb5 Bc5 7.Nd6+ Bxd6 8.Qxd6 Qd4
9.Nb5 Qxd6 10.Nxd6+ Ke7 11.Bf4 Nf6 12.O-O-O h6 13.f3 b6 14.Nxc8+ Raxc8 15.Bd6+ Kd8
16.Ba6 Ne8 17.Bxc8 Nxd6 18.Rxd6 Kxc8 19.f4 f6 20.Rhd1 Rd8 21.R1d3 Kc7 22.Kd1 Nb4
23.Rd2 Nd5 24.R6xd5 exd5 25.Rxd5 Re8 26.Rd4 Kc6 27.Kd2 d6 28.Kd3 b5 29.Rd5 Re7
30.Rd4 a6 31.c3 g5 32.fxg5 fxg5 33.Ke3 Rf7 34.Ke2 Rf4 35.g3 Rf7 36.Rd5 Rf6
37.Rf5 Re6 38.Kd3 Kd7 39.Kd4 Kc6 40.Rd5 Rf6 41.Rf5 Re6 42.Kd3 Kd7 43.Kd4 Kc6
44.Rf7 Rg6 45.b3 g4 46.a3 h5 47.Rf5 h4 48.Ke3 hxg3 49.hxg3 Rg8 50.Kf4 Kd7
51.c4 bxc4 52.bxc4 Rc8 53.Kxg4 Rxc4 54.Rf4 Ra4 55.Kf5 Rxa3 56.g4 Ke7 57.Kg6 Rb3
58.g5 Rg3 59.Kh6 Rh3+ 60.Kg7 a5 61.Rf5 a4 62.Ra5 Rg3 63.g6 a3 64.Kh7 Rh3+
65.Kg8 Kf6 66.g7 Rg3 67.Rf5+ Ke7 68.Rf7+ Ke8 69.Ra7 Rh3 70.Ra5 Ke7 71.e5 d5
72.Rxd5 a2 73.Ra5 Rh2  1/2-1/2

[Event "Regionalliga SO9697"]
[Site "Bayern"]
[Date "1996.??.??"]
[Round "?"]
[White "Eggerer, Stefan"]
[Black "Bichlmeier, Juergen"]
[Result "0-1"]
[WhiteElo "1965"]
[BlackElo "2015"]

1.e4 c5 2.Nf3 e6 3.Nc3 Nc6 4.d4 cxd4 5.Nxd4 Nf6 6.g3 Bb4 7.Bg2 Qa5 8.Ne2 d5
9.exd5 Nxd5 10.Bd2 O-O 11.Nxd5 Bxd2+ 12.Qxd2 Qxd2+ 13.Kxd2 exd5 14.Nf4 Rd8
15.Rae1 d4 16.Nd3 Bf5 17.Nc5 Rab8 18.Be4 Bxe4 19.Rxe4 b6 20.Nb3 Rbc8 21.a3 a5
22.Rhe1 f6 23.f4 Kf7 24.g4 Rd7 25.Kd3 a4 26.Nd2 b5 27.Nf3 b4 28.R1e2 Rcd8
29.f5 Rd5 30.axb4 Nxb4+ 31.Kc4 d3 32.cxd3 Nxd3 33.Re7+ Kf8 34.Rc7 R5d7 35.Rxd7 Rxd7
36.Rd2 Ne5+ 37.Kb5 Rb7+ 38.Ka6 Nxf3 39.Rf2 Rb3 40.Ka5 a3 41.bxa3 Rxa3+ 42.Kb4 Re3
43.Kc5 Ne5 44.Kd4 Re1 45.g5 Kf7 46.h4 Rh1 47.Kd5 Rxh4 48.Ra2 Nd7 49.Kc6 fxg5
50.Kxd7 Rd4+ 51.Kc6 Kf6 52.Rf2 h5 53.Kc5 Rd1 54.Kc4 h4  0-1

[Event "Tan Cup"]
[Site "Beijing"]
[Date "1996.??.??"]
[Round "5"]
[White "Peng Xiaomin"]
[Black "Zhang Zhong"]
[Result "0-1"]
[WhiteElo "2490"]
[BlackElo "2425"]

1.e4 c5 2.Nf3 e6 3.Nc3 Nc6 4.d4 cxd4 5.Nxd4 Qc7 6.Be2 a6 7.O-O Nf6 8.Kh1 Bb4
9.Qd3 Qd6 10.Nxc6 Qxd3 11.Bxd3 dxc6 12.e5 Nd7 13.f4 b5 14.Ne4 Be7 15.a4 Bb7
16.c4 bxc4 17.Bxc4 c5 18.Nc3 Nb6 19.Be2 O-O 20.Be3 Nd5 21.Bg1 Rfb8 22.Rad1 Bc6
23.Bf3 Rxb2 24.Nxd5 Bxd5 25.Bxd5 exd5 26.Rxd5 Rc8 27.f5 c4 28.Rd7 Bf8 29.Bd4 Rd2
30.e6 fxe6 31.fxe6 Re2 32.Bc3 Rxe6 33.a5 Re3 34.Rc1 h5 35.h3 Kh7 36.Rd4 Ba3
37.Rc2 Rd3 38.Re4 Rf8 39.Be5 Re8  0-1

[Event "Lee Cup"]
[Site "Beijing"]
[Date "1996.??.??"]
[Round "6"]
[White "Yu Shaoteng"]
[Black "Ye Jiangchuan"]
[Result "1/2-1/2"]
[WhiteElo "2385"]
[BlackElo "2540"]

1.e4 c5 2.Nf3 e6 3.d4 cxd4 4.Nxd4 Nc6 5.Nc3 Qc7 6.Be2 a6 7.O-O Nf6 8.Kh1 Be7
9.f4 d6 10.a4 O-O 11.Be3 Re8 12.Bg1 Rb8 13.Qd3 e5 14.fxe5 dxe5 15.Nf5 Bxf5
16.Rxf5 Nd4 17.Bxd4 exd4 18.Qxd4 Bd6 19.Nd5 Nxd5 20.Qxd5 Re5 21.Rxe5 Bxe5
22.Rf1 Bxb2 23.Qb3 Bf6 24.Bc4 Re8 25.Bd5 b6 26.Qd3 a5 27.Qb5 Re7 28.c4 h6
29.Qc6 Qxc6 30.Bxc6 Bd4 31.Rd1 Re6 32.Bd5 Rf6 33.g3 Bc5 34.e5 Rf2 35.Be4 g5
36.Bd5 Kf8 37.h3 Ke7 38.Rd3 Ra2 39.Rf3 Rxa4 40.Rxf7+ Kd8 41.Ra7  1/2-1/2

[Event "Belgrade"]
[Site "Belgrade"]
[Date "1996.??.??"]
[Round "3"]
[White "Popovic, Petar"]
[Black "Leko, Peter"]
[Result "1/2-1/2"]
[WhiteElo "2570"]
[BlackElo "2625"]

1.e4 c5 2.Nf3 e6 3.d4 cxd4 4.Nxd4 Nc6 5.Nc3 a6 6.Be3 Qc7 7.Bd3 b5 8.O-O Bb7
9.Nxc6 Qxc6 10.Re1 Nf6 11.Bd4 Be7 12.Qf3 Qc7 13.a3 Rc8 14.Qh3 h5 15.e5 Ng4
16.Be4 g6 17.Qf3 Bc6 18.h3 Nh6 19.g4 hxg4 20.hxg4 Ng8 21.Kg2 Rh4 22.Rh1 d6
23.Rxh4 Bxh4 24.Rh1 Bxe4 25.Nxe4 dxe5 26.Bc5 Be7 27.Rh8 Bxc5 28.Rxg8+ Bf8
29.Ng5 Qc6 30.Qxc6+ Rxc6 31.Nh7 Rxc2 32.Rxf8+ Ke7 33.Ra8 e4 34.Ra7+ Kd6 35.Rxa6+ Ke5
36.Ra5 Rxb2 37.a4 Kf4 38.Rxb5 Re2 39.Rb4 Kxg4 40.a5 Ra2 41.Rxe4+ Kf5 42.Re3 g5
43.Nf8 g4 44.Rc3 Rxa5 45.Rc7 f6 46.Nd7 Ra6 47.Rc5+ Kg6 48.Kg3 Rd6  1/2-1/2

[Event "Belgrade Yugometal (Women)"]
[Site "Belgrade"]
[Date "1996.??.??"]
[Round "4"]
[White "Gaponenko, Inna"]
[Black "Ioseliani, Nana"]
[Result "0-1"]
[WhiteElo "2340"]
[BlackElo "2500"]

1.e4 c5 2.Nf3 e6 3.d4 cxd4 4.Nxd4 Nc6 5.Nc3 Qc7 6.Be2 a6 7.O-O Nf6 8.Kh1 Be7
9.f4 d6 10.a4 O-O 11.Be3 Re8 12.Rf3 Bd7 13.Rg3 Nxd4 14.Qxd4 e5 15.fxe5 dxe5
16.Qd3 Be6 17.Bg5 Kh8 18.Rf1 Rad8 19.Qf3 Ng8 20.Qh5 Bxg5 21.Qxg5 f6 22.Qh4 Rd4
23.Bd3 Qf7 24.Rgf3 Ne7 25.Qe1 Red8 26.Ne2 R4d6 27.Rg3 Nc6 28.Ng1 Bc4 29.Rff3 Nd4
30.Rf2 Be6 31.Nf3 Qd7 32.Qb4 Nxf3 33.Rgxf3 Rd4 34.Qb6 Rxa4 35.h3 Qe7 36.Qe3 Rad4
37.Kh2 b5 38.Rg3 Qb7 39.Qe1 Bc4 40.Bxc4 bxc4 41.Qf1 R8d6 42.b3 Qxe4 43.bxc4 Rd1
44.Qe2 Qxe2 45.Rxe2 R1d4 46.Rb3 h5 47.c5 Rc6 48.Rb6 Rxb6 49.cxb6 Rb4 50.c4 Rxb6
51.Kg3 Rb3+ 52.Kh4 g6 53.Ra2 Rc3 54.Rxa6 Rxc4+ 55.Kg3 h4+ 56.Kf3 Kg7 57.Rb6 Rf4+
58.Ke3 Kh6 59.Rb8 Kg5 60.Re8 Ra4 61.Re6 Kf5 62.Rb6 Ra2 63.Kf3 Ra3+ 64.Kf2 g5
65.Rc6 Ra2+ 66.Kf1 e4 67.Rb6 Ke5 68.Rc6 f5 69.Kg1 Kf4 70.Rc4 Rd2 71.Ra4 Kg3
72.Ra3+ Rd3 73.Ra1 e3 74.Kf1 Rd2 75.Ra3 f4 76.Ra5 Rf2+ 77.Kg1 Rxg2+ 78.Kh1 Kxh3
79.Rxg5 Rh2+ 80.Kg1 Ra2 81.Re5 Ra1+  0-1

[Event "Benasque op"]
[Site "Benasque"]
[Date "1996.??.??"]
[Round "5"]
[White "Baches Garcia, Guillermo"]
[Black "Jansa, Vlastimil"]
[Result "0-1"]
[WhiteElo "2255"]
[BlackElo "2490"]

1.e4 c5 2.Nf3 e6 3.d4 cxd4 4.Nxd4 Nc6 5.Nc3 a6 6.Be2 d6 7.O-O Nf6 8.Be3 Be7
9.f4 O-O 10.Qe1 Nxd4 11.Bxd4 b5 12.a3 Bb7 13.Qg3 g6 14.Bf3 a5 15.Rad1 b4
16.axb4 axb4 17.e5 Bxf3 18.Qxf3 bxc3 19.exf6 Bxf6 20.Qxc3 Bxd4+ 21.Qxd4 d5
22.Rd3 Rc8 23.f5 Rxc2 24.f6 Qc7 25.Rc3 Rxc3 26.bxc3 Rc8 27.g4 h6 28.Rf3 Qc5
29.h4 Qc4 30.Re3  0-1

[Event "EUCup Gr4"]
[Site "Berlin"]
[Date "1996.??.??"]
[Round "3"]
[White "Lauk, Ular"]
[Black "Abramovic, Bosko"]
[Result "0-1"]
[WhiteElo "2330"]
[BlackElo "2490"]

1.e4 c5 2.Nf3 e6 3.d4 cxd4 4.Nxd4 Nc6 5.Nc3 a6 6.Be2 Qc7 7.O-O Nf6 8.Kh1 Be7
9.f4 d6 10.a4 O-O 11.Be3 Re8 12.Bg1 Bd7 13.Qd3 Rac8 14.Qg3 e5 15.fxe5 dxe5
16.Nxc6 Bxc6 17.Bc4 Bd7 18.b3 Be6 19.Nd5 Nxe4 20.Qf3 Bxd5 21.Bxd5 Nf6 22.Bc4 e4
23.Qh3 Bc5 24.Bxc5 Qxc5 25.Rf5 Qe7 26.Qe3 Rc6 27.Raf1 Qc7 28.h3 Re5 29.Qa7 Rxf5
30.Qa8+ Qc8 31.Qxc8+ Rxc8 32.Rxf5 Rc7 33.Re5 Kf8 34.Kg1 Rd7 35.Kf1 Rd2 36.c3 g6
37.a5 h5 38.Rc5 Rd7 39.Ke2 h4 40.Rc8+ Kg7 41.Ke3 Re7 42.b4 Ne8 43.Bd5 Nd6
44.Rb8 Kf6 45.c4 Ke5 46.Ke2 f5 47.Rg8 Rc7 48.Rxg6 Nxc4 49.Bg8 Na3 50.Re6+ Kf4
51.Rb6 Nb5 52.Rh6 Nd4+ 53.Kd1 Ke3  0-1

[Event "Berliner Sommer"]
[Site "Berlin"]
[Date "1996.??.??"]
[Round "4"]
[White "Hector, Jonny"]
[Black "Lingnau, Carsten"]
[Result "1-0"]
[WhiteElo "2525"]
[BlackElo "2380"]

1.e4 c5 2.Nf3 e6 3.d4 cxd4 4.Nxd4 Nc6 5.Nc3 Qc7 6.Be3 a6 7.Bd3 Nf6 8.O-O Ne5
9.h3 Bc5 10.Kh1 d6 11.f4 Ng6 12.Qf3 O-O 13.Rae1 b5 14.f5 Ne5 15.Qg3 Bd7 16.Nce2 Kh8
17.Bg5 Nxd3 18.cxd3 e5 19.Bxf6 gxf6 20.Qh4 Qd8 21.Nf3 d5 22.Nc3 Bc6 23.exd5  1-0

[Event "Berliner Sommer"]
[Site "Berlin"]
[Date "1996.??.??"]
[Round "5"]
[White "Suetin, Alexey S"]
[Black "Nekrasova, Elena"]
[Result "1-0"]
[WhiteElo "2420"]
[BlackElo "2085"]

1.e4 c5 2.Ne2 Nc6 3.d4 cxd4 4.Nxd4 e6 5.Nc3 Nf6 6.a3 Qc7 7.Be3 a6 8.f4 d6
9.Nb3 Be7 10.Bd3 O-O 11.g4 e5 12.f5 h6 13.h4 h5 14.g5 Ng4 15.Bg1 Nd4 16.Nd5 Qd8
17.Nxd4 exd4 18.Bxd4 b5 19.f6 gxf6 20.gxf6 Bxf6 21.Nxf6+ Nxf6 22.Qd2 Ng4
23.O-O-O Re8 24.Rdg1 Re6 25.Qg5+ Qxg5+ 26.hxg5 Ne5 27.Rxh5 Kf8 28.Rf1 Rg6
29.Rf6 Kg7 30.Rxd6  1-0

[Event "Berliner Sommer"]
[Site "Berlin"]
[Date "1996.??.??"]
[Round "6"]
[White "Hector, Jonny"]
[Black "Suetin, Alexey S"]
[Result "1-0"]
[WhiteElo "2525"]
[BlackElo "2420"]

1.e4 c5 2.Nf3 Nc6 3.Nc3 e6 4.d4 cxd4 5.Nxd4 Qc7 6.f4 a6 7.Nf3 d6 8.Bd3 Nf6
9.O-O Be7 10.Qe1 b5 11.e5 dxe5 12.fxe5 Nd7 13.Qg3 g6 14.Bf4 Bb7 15.Ne4 Nb4
16.Bg5 Nxd3 17.cxd3 Bxe4 18.dxe4 f6 19.Bf4 O-O 20.exf6 Qb6+ 21.Kh1 Nxf6 22.Bh6 Nh5
23.Qg4 Ng7 24.Ng5 Bf6 25.Bxg7 Bxg7 26.Qh3 h5 27.Nxe6 Rfe8 28.Nxg7 Kxg7 29.Qd7+ Kh6
30.Rf7 Rad8 31.Rh7+ Kg5 32.h4+ Kf4 33.Rf7+  1-0

[Event "Bern Cup"]
[Site "Bern"]
[Date "1996.??.??"]
[Round "?"]
[White "Fejzullahu, Afrim"]
[Black "Cramling, Pia"]
[Result "1/2-1/2"]
[WhiteElo "2265"]
[BlackElo "2525"]

1.e4 c5 2.Nf3 e6 3.d4 cxd4 4.Nxd4 Nc6 5.Nc3 Qc7 6.Be2 a6 7.O-O Nf6 8.Be3 d6
9.f4 Be7 10.Qe1 O-O 11.Qg3 Bd7 12.Rad1 b5 13.a3 Nxd4 14.Bxd4 Bc6 15.Bd3 g6
16.f5 Qb7 17.fxg6 fxg6 18.e5 Nh5 19.Qg4 Qd7 20.exd6 Rxf1+ 21.Rxf1 Bxd6 22.Ne4 Bxe4
23.Bxe4 Rf8 24.Rxf8+ Bxf8  1/2-1/2

[Event "Bern op"]
[Site "Bern"]
[Date "1996.??.??"]
[Round "2"]
[White "Tkitek, M."]
[Black "Kaenel, Hansjuerg"]
[Result "0-1"]
[WhiteElo "2000"]
[BlackElo "2390"]

1.e4 c5 2.Nf3 e6 3.d4 cxd4 4.Nxd4 Nc6 5.Nc3 Qc7 6.Ndb5 Qb8 7.Be3 a6 8.Nd4 Nf6
9.f4 Bb4 10.Nxc6 bxc6 11.Bd3 d5 12.e5 Nd7 13.O-O O-O 14.Rf3 g6 15.Na4 Be7
16.c4 a5 17.cxd5 cxd5 18.Qe2 d4 19.Bf2 Nb6 20.Nxb6 Qxb6 21.Rd1 Bb7 22.Rh3 Rfd8
23.a3 Rab8 24.Qd2 Bf8 25.Bh4 Rdc8 26.Qf2 Bd5 27.Bf6 Qxb2 28.Rd2 Qa1+ 29.Bf1 Rb1  0-1

[Event "Bern op"]
[Site "Bern"]
[Date "1996.??.??"]
[Round "4"]
[White "Sokolov, Andrei"]
[Black "Kaenel, Hansjuerg"]
[Result "0-1"]
[WhiteElo "2580"]
[BlackElo "2390"]

1.e4 c5 2.Nf3 e6 3.d4 cxd4 4.Nxd4 Nc6 5.Nc3 Qc7 6.Be2 a6 7.O-O Nf6 8.Kh1 Bb4
9.Nxc6 bxc6 10.f4 d5 11.e5 Nd7 12.Na4 Nb6 13.c4 O-O 14.Be3 Nxa4 15.Qxa4 Be7
16.b4 Bd7 17.Bc5 Bxc5 18.bxc5 Rfb8 19.Rab1 a5 20.Bd3 g6 21.g3 Be8 22.Kg2 Qa7
23.cxd5 cxd5 24.Qd4 Rb4 25.Rxb4 axb4 26.Qxb4 Qxa2+ 27.Rf2 Qa3 28.Qxa3 Rxa3
29.Rd2 Rc3 30.Kf2 Rxc5 31.Ke3 Kg7 32.g4 Ra5 33.Rc2 Ra3 34.Rb2 Ba4 35.f5 gxf5
36.gxf5 exf5 37.Kd4 Bd7 38.Rf2 Kg6 39.Rg2+ Kh6 40.Rg3 Be6 41.Rh3+ Kg7 42.Rg3+ Kf8
43.Rh3 f4 44.Rh6 f3 45.Rf6 Ra4+ 46.Kc5 Rh4 47.Kd6 Rxh2 48.Bf5 Bxf5 49.Rxf5 Re2
50.Rxf3 d4 51.Rh3 Re3 52.Rxh7 d3 53.Rh8+ Kg7 54.Rh1 d2 55.Rd1 Re2 56.Kd5 Kg6
57.Kd4 Kf5 58.e6 Rxe6 59.Kd3 Rd6+ 60.Ke3 Ke5  0-1

[Event "Bern op"]
[Site "Bern"]
[Date "1996.??.??"]
[Round "5"]
[White "Ilijin, Neboisa"]
[Black "Begovac, Franja"]
[Result "1/2-1/2"]
[WhiteElo "2315"]
[BlackElo "2440"]

1.e4 c5 2.Nf3 e6 3.d4 cxd4 4.Nxd4 Nc6 5.Nc3 a6 6.Be2 Qc7 7.O-O Nf6 8.Be3 Bb4
9.Nxc6 bxc6 10.Na4 Rb8 11.c4 Be7 12.Qc2 c5 13.f4 d6 14.Nc3 Nd7 15.Rad1 Bb7
16.Bf3 O-O 17.Rd2 Rbd8 18.g4 Rfe8 19.g5 Bf8 20.Bg2 Nb6 21.Qd3 g6 22.Bf2 Bg7
23.b3 Qe7 24.Re1 Qc7 25.h4 Nc8 26.Ne2  1/2-1/2

[Event "Bern op"]
[Site "Bern"]
[Date "1996.??.??"]
[Round "8"]
[White "Mueller, M."]
[Black "Kamber, Bruno"]
[Result "0-1"]
[WhiteElo "2345"]
[BlackElo "2375"]

1.e4 c5 2.Nf3 e6 3.d4 cxd4 4.Nxd4 Nc6 5.Nc3 Qc7 6.Be3 Nf6 7.Be2 a6 8.O-O Bb4
9.Na4 Be7 10.Nxc6 bxc6 11.Nb6 Rb8 12.Nxc8 Qxc8 13.e5 Nd5 14.Bc1 Bc5 15.c4 Ne7
16.b3 a5 17.Bb2 a4 18.Qd3 O-O 19.Bd1 Rd8 20.Bc2 Ng6 21.Rad1 Qc7 22.h4 axb3
23.axb3 d6 24.h5 dxe5 25.Qe4 f5 26.Qe1 Rxd1 27.Bxd1 Ne7 28.Bxe5 Bd6 29.Bc3 Kf7
30.Bc2 c5 31.Qa1 g6 32.Ba5 Qc6 33.h6 Rg8 34.Rd1 Bf4 35.Bd2 g5 36.Qc1 Ng6
37.g3 Bxg3 38.Bxg5 Bf4 39.Be4  0-1

[Event "Biel SKA"]
[Site "Biel"]
[Date "1996.??.??"]
[Round "8"]
[White "Almasi, Zoltan"]
[Black "Andersson, Ulf"]
[Result "1-0"]
[WhiteElo "2655"]
[BlackElo "2640"]

1.e4 c5 2.Nf3 e6 3.d4 cxd4 4.Nxd4 Nc6 5.Nc3 a6 6.Be3 Nf6 7.Bd3 d5 8.exd5 exd5
9.Qd2 Be7 10.h3 O-O 11.O-O-O Be6 12.g4 Rc8 13.Kb1 Bb4 14.a3 Ba5 15.g5 Ne8
16.Nb3 Nd6 17.Bc5 Re8 18.Qf4 Bc7 19.Qh4 g6 20.f4 Ne7 21.Qf2 Qd7 22.h4 Bg4
23.Rde1 Bf5 24.Bxf5 Ndxf5 25.h5 Bd6 26.Bxd6 Qxd6 27.Qh2 h6 28.hxg6 fxg6 29.Nd4 h5
30.Re6 Qd7 31.Qh3 Rc6 32.Rf6 Rd6 33.Nxf5 Nxf5 34.Nxd5 Rxd5 35.Rxg6+ Kf7 36.Rf6+ Ke7
37.c4 Rd1+ 38.Rxd1 Qxd1+ 39.Ka2 Nd4 40.Qc3 a5 41.Rb6 a4 42.Qa5  1-0

[Event "Biel op MTO"]
[Site "Biel"]
[Date "1996.??.??"]
[Round "8"]
[White "Jaracz, Pawel"]
[Black "Epishin, Vladimir"]
[Result "0-1"]
[WhiteElo "2395"]
[BlackElo "2620"]

1.e4 c5 2.Nc3 e6 3.Nf3 Nc6 4.d4 cxd4 5.Nxd4 Qc7 6.Be3 a6 7.Bd3 Nf6 8.O-O Ne5
9.h3 Bc5 10.Qe2 d6 11.f4 Ned7 12.g4 h6 13.Qf2 O-O 14.Rae1 b5 15.g5 hxg5 16.fxg5 Ne8
17.b4 Ba7 18.Nce2 Ne5 19.Nf4 Qe7 20.Kh2 g6 21.Qh4 Ng7 22.Rf2 Bb7 23.Ref1 Rac8
24.Qh6 d5 25.exd5 Bxd5 26.Nxd5 exd5 27.Rf4 Nxd3 28.Rh4 Nh5 29.Rxh5 gxh5 30.g6 Qd6+
31.Kh1 fxg6 32.Rg1 Ne5 33.Qxh5  0-1

[Event "SLO-chT"]
[Site "Bled"]
[Date "1996.??.??"]
[Round "1"]
[White "Roskar, Robert"]
[Black "Slibar, Matjaz"]
[Result "1-0"]
[WhiteElo "2200"]
[BlackElo "2250"]

1.e4 c5 2.Nf3 e6 3.d4 cxd4 4.Nxd4 Nc6 5.Nc3 Qc7 6.Be2 a6 7.O-O Nf6 8.Be3 Bb4
9.Bd3 b5 10.Qe2 Bb7 11.Nxc6 Qxc6 12.f3 Bxc3 13.bxc3 Qxc3 14.Qf2 d5 15.Bd4 Qc7
16.e5 Nd7 17.f4 g6 18.f5 gxf5 19.Bxf5 O-O-O 20.Bd3 Rdf8 21.Qe3 f6 22.exf6 e5
23.Bb2 d4 24.Qh3 Rhg8 25.Rf2 Qc6 26.Re1 Qd6 27.Bf5 Bc6 28.Qb3 Bd5 29.Ba3 Qc6
30.Qh3 Rf7 31.Rxe5 Kc7 32.Rxd5 Qxd5 33.Be6 Qe4 34.Bxf7 Rg4 35.Qf3 Nxf6 36.Qxf6  1-0

[Event "SLO-chT"]
[Site "Bled"]
[Date "1996.??.??"]
[Round "2"]
[White "Mazi, Leon"]
[Black "Slibar, Matjaz"]
[Result "1-0"]
[WhiteElo "2325"]
[BlackElo "2250"]

1.e4 c5 2.Nf3 e6 3.d4 cxd4 4.Nxd4 Nc6 5.Nc3 Qc7 6.g3 a6 7.Bg2 Nf6 8.O-O Nxd4
9.Qxd4 Bc5 10.Qd3 Ng4 11.Qe2 h5 12.Kh1 b5 13.f3 Ne5 14.f4 Ng4 15.e5 Bb7 16.Ne4 Rc8
17.h3 Nh6 18.Qxh5 Be7 19.c3 g6 20.Qf3 Nf5 21.Kh2 Kf8 22.Qe2 Kg7 23.Bd2 Rh7
24.Rae1 Rch8 25.Rh1 Bd5 26.b3 Qc6 27.Qd3 a5 28.Re2 a4 29.Rb1 d6 30.g4 Nh4
31.Bh1 Rd8 32.exd6 Bxe4 33.Bxe4 Qxd6 34.Qxd6 Bxd6 35.Kg1  1-0

[Event "Bled op"]
[Site "Bled"]
[Date "1996.??.??"]
[Round "2"]
[White "Guid, Matej"]
[Black "Vospernik, Zdravko"]
[Result "0-1"]
[WhiteElo "2140"]
[BlackElo "2285"]

1.e4 c5 2.Nf3 e6 3.d4 cxd4 4.Nxd4 Nc6 5.Nc3 a6 6.Be2 Qc7 7.O-O Nf6 8.Be3 Be7
9.f4 d6 10.Qe1 O-O 11.Qg3 Bd7 12.e5 Ne8 13.Nf3 f5 14.exd6 Bxd6 15.Na4 Nb4
16.Nb6 Rd8 17.Nd4 Qxb6 18.Nxe6 Qa5 19.Nxd8 Qxd8 20.Bc4+ Kh8 21.Bb3 Qc7 22.c3 Nd3
23.Qg5 Bc6 24.Rad1 Be4 25.Rd2 Nf6 26.Be6 Ng4 27.Bd4 Nxf4 28.Rxf4 Bxf4 29.Bxg7+ Qxg7
30.Qxf4  0-1

[Event "Bled op"]
[Site "Bled"]
[Date "1996.??.??"]
[Round "2"]
[White "Simic, Dragan"]
[Black "Kragelj, Igor"]
[Result "1/2-1/2"]
[WhiteElo "2330"]
[BlackElo "2195"]

1.e4 c5 2.Nf3 Nc6 3.Nc3 e6 4.d4 cxd4 5.Nxd4 Qc7 6.Be3 a6 7.Bd3 Nf6 8.O-O Bd6
9.h3 Bf4 10.Bxf4 Qxf4 11.Nf3 Qc7 12.Qd2 O-O 13.Rfe1 d6 14.Qf4 Ne5 15.Nxe5 dxe5
16.Qe3 Rd8 17.a4 b6 18.Ne2 Bb7 19.f3 h6 20.Red1 Nd7 21.c3 Bc6 22.Bc2 a5 23.Kf2 b5
24.axb5 Bxb5 25.b3 Nc5 26.c4 Be8 27.Rxd8 Rxd8 28.Qc3 Ra8 29.Nc1 Kf8 30.Nd3 Nxd3+
31.Bxd3 Qc5+ 32.Ke2 Ke7 33.Qb2 Bc6 34.Qa3 Qxa3 35.Rxa3 Kd6 36.Kd2 Kc5 37.Kc3 Kb6
38.b4 axb4+ 39.Kxb4 Rxa3 40.c5+ Kc7 41.Kxa3 Bd7 42.Kb4 Bc6 43.Bb5 Bb7 44.Be8 f5
45.Bg6 Bc8 46.exf5 exf5 47.Be8 Bb7 48.Kc4 e4 49.fxe4 Bxe4 50.g3 Bg2 51.h4 g5
52.h5 Bc6 53.Bg6 f4 54.gxf4 gxf4 55.Kd4 f3 56.Ke3  1/2-1/2

[Event "SLO-chT"]
[Site "Bled"]
[Date "1996.??.??"]
[Round "4"]
[White "Rusjan, Dusan"]
[Black "Slibar, Matjaz"]
[Result "1/2-1/2"]
[WhiteElo "2155"]
[BlackElo "2250"]

1.e4 c5 2.Nf3 e6 3.d4 cxd4 4.Nxd4 Nc6 5.Nc3 Qc7 6.Be3 a6 7.Bd3 b5 8.a3 Bb7
9.O-O Nf6 10.Kh1 Ne5 11.f4 Nc4 12.Bxc4 Qxc4 13.Qd3 Rc8 14.Rfe1 Be7 15.h3 O-O
16.Qxc4 Rxc4 17.e5 Nd5 18.Nxd5 Bxd5 19.c3 d6 20.Kh2 Rb8 21.Red1 h6 22.Nf5 Bf8
23.Nxd6 Bxd6 24.exd6 Rd8 25.Rd4 Rxd6 26.Rad1 Rdc6 27.f5 Rc8 28.fxe6 fxe6
29.Rf1 Re8 30.Rf2 Rxd4 31.Bxd4 e5 32.Re2 e4 33.Be3 Kf7 34.Kg3 Ke6 35.Bd4 Rf8
36.Rf2 Rxf2 37.Kxf2  1/2-1/2